000
00402nam a2200145Ia 4500
008
100204s9999 xx 000 0 und d
082
_b
25883
100
_a
कर्जोदकर अनिल
245
_a
जाणीव
260
_b
जाणीव प्रकाशन वाशी
_c
2003
300
_a
112
630
_a
जाणीव
730
_a
जाणीव
942
_c
BOOK
999
_c
471068
_d
471065